MARC details
| 000 -CABECERA |
| campo de control de longitud fija |
00965nam a2200229 a 4500 |
| 001 - NÚMERO DE CONTROL |
| campo de control |
000041171 |
| 005 - FECHA Y HORA DE LA ÚLTIMA TRANSACCIÓN |
| campo de control |
20201002034657.0 |
| 008 - DATOS DE LONGITUD FIJA--INFORMACIÓN GENERAL |
| campo de control de longitud fija |
130920s2002 sp 000 0 spa d |
| 020 ## - NÚMERO INTERNACIONAL ESTÁNDAR DEL LIBRO |
| Número Internacional Estándar del Libro |
8400080947 |
| 040 ## - FUENTE DE LA CATALOGACIÓN |
| Centro catalogador/agencia de origen |
DO-SdBNP |
| Lengua de catalogación |
spa |
| Centro/agencia transcriptor |
BNPHU |
| 245 03 - MENCIÓN DE TÍTULO |
| Título |
La Colección Canónica Hispana. Concilios hispánicos : |
| Resto del título |
tercera parte / |
| Mención de responsabilidad, etc. |
Gonzalo Martínez Díez, Félix Rodríguez,. |
| 246 14 - FORMA VARIANTE DE TÍTULO |
| Título propio/Titulo breve |
Concilios hispánicos : |
| Resto del título |
tercera parte |
| 260 ## - PUBLICACIÓN, DISTRIBUCIÓN, ETC. |
| Lugar de publicación, distribución, etc. |
Madrid : |
| Nombre del editor, distribuidor, etc. |
Consejo Superior de Investigaciones Científicas :, |
| Fecha de publicación, distribución, etc. |
2002. |
| 300 ## - DESCRIPCIÓN FÍSICA |
| Extensión |
v. (344 p.) ; |
| Dimensiones |
24 cm. |
| 490 1# - MENCIÓN DE SERIE |
| Mención de serie |
Monumenta Hispaniae Sacra |
| -- |
Canónica ; |
| 504 ## - NOTA DE BIBLIOGRAFÍA, ETC. |
| Nota de bibliografía, etc. |
Incluye referencias bibliográficas y notas al pie de las páginas |
| 500 ## - NOTA GENERAL |
| Nota general |
La biblioteca posee el v. 4 |
| 700 1# - PUNTO DE ACCESO ADICIONAL--NOMBRE DE PERSONA |
| Nombre de persona |
Martínez Díez, Gonzalo |
| Fechas asociadas al nombre |
1924- |
| Término indicativo de función/relación |
ed. |
| 9 (RLIN) |
67525 |
| 700 1# - PUNTO DE ACCESO ADICIONAL--NOMBRE DE PERSONA |
| Nombre de persona |
Rodríguez, Félix, |
| Término indicativo de función/relación |
ed. |
| 9 (RLIN) |
21046 |
| 710 2# - PUNTO DE ACCESO ADICIONAL--NOMBRE DE ENTIDAD CORPORATIVA |
| Nombre de entidad corporativa o nombre de jurisdicción como elemento de entrada |
Consejo Superior de Investigaciones Científicas |
| 9 (RLIN) |
4786 |
| 830 #0 - PUNTO DE ACCESO ADICIONAL DE SERIE-TÍTULO UNIFORME |
| Título uniforme |
Monumenta Hispaniae Sacra |
| Nombre de parte o sección de la obra |
Canónica ; |
| -- |
ed. |
| 9 (RLIN) |
67731 |